| 000 | 00909nmm a2200277 a 4500 | ||
|---|---|---|---|
| 001 | ocm000703752 | ||
| 003 | TR-IsHL | ||
| 005 | 20201028141359.0 | ||
| 008 | 131226s2005 tu tur | ||
| 007 | cr cn | ||
| 035 |
_a703752 _b(N$T) |
||
| 050 | 0 | 4 |
_aDS51.T7 _bC45 2005 |
| 090 | 0 | 4 |
_aDS51.T7 _bC45 2005 |
| 100 | 1 | _aÇelik, Ali | |
| 245 | 1 | 0 |
_aTrabzon Çaykara halk kültürü _h[electronic resource] / _cAli Çelik |
| 260 |
_aİstanbul : _bDoğu Kütüphanesi Yayınları, _c2005 |
||
| 300 | _a368 p. | ||
| 650 | 4 | _aTarih | |
| 650 | 4 | _aHistory | |
| 650 | 0 |
_aFolklor _x Türkiye _x Çaykara |
|
| 650 | 0 |
_aFolklore _x Turkey _x Çaykara |
|
| 650 | 0 |
_aFolklor _x Türkiye _x Trabzon |
|
| 650 | 0 |
_aFolklore _x Turkey _x Trabzon |
|
| 650 | 7 |
_aSOCIAL SCIENCE / Folklore & Mythology _2bisacsh |
|
| 856 | 4 | 0 | _uhttp://search.ebscohost.com/login.aspx?direct=true&scope=site&db=e011xww&AN=703752 |
| 999 |
_c7787 _d7787 |
||